000 01455cam a2200385 a 4500
001 46289
005 20230410142342.0
008 860410r19751971uy b 001 0 spa
010 _a 86143716
035 _a(OCoLC)ocm14360525
040 _aDLC
_cDLC
_dOCL
_dDIBAM
029 1 _aNLGGC
_b104800402
035 _a(OCoLC)14360525
041 1 _aspa
_hger
043 _as-pe---
050 1 4 _aBX 1484.2
_bV732a 1975
049 _aGRAL
100 1 _aVillegas, Juan,
_d1931-
245 1 0 _aAplicación del Concilio de Trento en Hispanoamérica, 1564-1600 :
_bProvincia Eclesiástica del Perú /
_cJuan Villegas.
260 _aMontevideo :
_bInstituto Teológico del Uruguay,
_c1975.
300 _a300 p. ;
_c23 cm.
440 0 _aCuadernos del ITU ;
_v3
500 _aOriginally published in German as the author's thesis (doctoral-- University of Cologne, 1971) under title: Durchfuhrung der Beschlusse des Konzils von Trient in der Kirchenprovinz Peru, 1564-1600.
504 _aBibliography: p. 7-60.
500 _aIncludes indexes.
610 2 0 _aCatholic Church.
_bProvince of Peru
_xHistory
_y16th century.
611 2 0 _aCouncil of Trent
_d(1545-1563)
651 0 _aPeru
_xChurch history.
610 2 7 _aIGLESIA CATOLICA.
_bPROVINCIA DEL PERU
_xHISTORIA
_ySIGLO 16.
_2renib
611 2 7 _aCONCILIO DE TRENTO
_d(1545-1563)
_2renib
651 7 _aPERU
_xHISTORIA ECLESIASTICA.
_2renib
942 _2lcc
_cbk
946 _amfcruz
994 _aC0
_bDRFGD
999 _c94107
_d94107